Statistics for doraemon

Click here to take the quiz!

General Stats

  • This quiz has been taken 304 times
  • The average score is 3 of 5

Answer Stats

HintAnswer% Correct
nobinobita
91%
minamatashizuka
71%
time machinedoraemon
64%
gorodagian
58%
hottawasunio
27%

Score Distribution

Percentile by Number Answered

Percent of People with Each Score

Your Score History

You have not taken this quiz